[Event "Maria Albulet Memorial 2018"]
[Site "Braila"]
[Date "2018.11.04"]
[Round "2"]
[White "Petrenko, Svetlana"]
[Black "Babiy, Olga"]
[Result "1-0"]
[WhiteElo "2130"]
[BlackElo "2314"]
[Annotator "TA"]
[PlyCount "74"]
[EventDate "2018.11.03"]
[EventType "swiss"]
[EventCountry "ROU"]
[SourceTitle "playchess.com"]
[Source "ChessBase"]
[SourceQuality "1"]

{[%evp 13,74,-3,2,-18,-16,-17,-26,-51,-13,-39,-10,-12,-4,-16,-31,-39,-39,-56,0,-74,-63,-79,-83,-108,-5,-23,-23,-22,8,-25,169,181,175,18,543,545,590,540,528,522,517,513,1037,416,419,414,402,374,410,447,430,410,469,368,816,457,29984,29985,29989,29990,29990,29991,29991]} 1. d4 Nf6 2. Nf3 e6 3. g3 b5 4. Bg2 Bb7 5. O-O c5 6. c3 d5 7. Ne5 {A46: 1 d4 Nf6 2 Nf3 e6: Torre, London and Colle Systems} (7. dxc5 Bxc5 8. b4 Bb6 9. a4 bxa4 10. Qxa4+ Nbd7 11. Ne5 O-O 12. Nc6 Bxc6 13. Qxc6 Ne5 14. Qb5 Rb8 {0-1 (37) Laznicka,V (2676)-Khismatullin,D (2651) Poikovsky 2015}) 7... Nbd7 {LiveBook: 4 Games} 8. f4 cxd4 $146 ({Predecessor:} 8... Be7 9. Be3 O-O 10. h3 Qc7 11. Nd2 a5 12. Rc1 Nb6 13. Bf2 Ne4 14. Nxe4 dxe4 {0-1 (33) Farkas,T (2289)-Berczes,D (2514) Hungary 2008}) 9. cxd4 {The position is equal.} Be7 10. Nd2 {[%cal Bb1d2,Bd2f3,Bf3e5,Be5g4,Bg4f2][%mdl 32]} Rc8 11. Ndf3 Ne4 12. Qb3 a6 $36 {[%mdl 2048] Black is pushing.} 13. a4 b4 14. Nxd7 Qxd7 15. Ne5 Qc7 (15... Qd6 $15) 16. f5 (16. Be3 $1 $11 {keeps the balance.}) 16... f6 $17 17. Ng4 Qb6 18. fxe6 Qxe6 (18... Qxd4+ $17 19. Kh1 O-O) 19. Nf2 {[#] Black must now prevent Nxe4.} Rc4 20. Bh3 Qc6 21. Be3 a5 $2 (21... Nxf2 $11 22. Bxf2 g6) 22. Nxe4 $18 dxe4 {[#]} 23. d5 $2 (23. Rad1 $1 $18 {aiming for d5.} Ba6 24. d5) 23... Qc7 $2 {[%mdl 8192]} (23... Qxd5 $11 24. Rad1 Rd4) 24. Be6 Ba6 {Now ...Bd6 and Black clings on.} 25. Rac1 Bd6 26. Rxc4 Bxc4 27. Qc2 Bxg3 (27... Bxd5 $142 28. Qxc7 Bxc7) 28. Qxe4 (28. hxg3 $142 Qxg3+ 29. Kh1 Qxe3 30. Qxc4 Qh6+ 31. Kg2 Qg5+ 32. Kf2 Qf4+ 33. Ke1) 28... Bxh2+ 29. Kh1 Ba6 ({Wrong is} 29... Bd6 $2 30. Rc1 $18) 30. Bc8+ {[%cal Be6c8,Bc8a6,Ba6c4][%mdl 32]} Be5 31. Bxa6 O-O 32. Bc4 {Strongly threatening d6+.} Kh8 33. b3 Re8 $2 (33... Qd6 34. Qg4 Re8) 34. Rf3 g6 (34... Qf7 $18 35. Rh3 g6) 35. Rxf6 {White mates.} Qd7 36. Re6 Rxe6 37. dxe6 Qd6 {Precision: White = 37%, Black = 26%.} 1-0

[Event "Maria Albulet Memorial 2018"]
[Site "Braila"]
[Date "2018.11.04"]
[Round "2"]
[White "Bucur, Denisa-Andreea"]
[Black "Mihailova, Alina"]
[Result "0-1"]
[WhiteElo "2012"]
[BlackElo "1790"]
[Annotator "NA RC"]
[PlyCount "113"]
[EventDate "2018.11.03"]
[EventType "swiss"]
[EventCountry "ROU"]
[SourceTitle "playchess.com"]
[Source "ChessBase"]
[SourceQuality "1"]
[TimeControl "40/5400+30:900+30"]

1. d4 {[%emt 0:00:00]} Nf6 {[%emt 0:00:00]} 2. Nf3 {[%emt 0:00:00]} e6 {[%emt 0:00:00]} 3. c4 {[%emt 0:00:00]} b6 {[%emt 0:00:00]} 4. Nc3 {[%emt 0:00:08]} Bb7 {[%emt 0:00:24]} 5. a3 {[%emt 0:00:12]} Be7 {[%emt 0:01:28]} 6. Bf4 {[%emt 0:01:30]} O-O {[%emt 0:02:17]} 7. Rc1 {[%emt 0:03:03]} d6 {[%emt 0:01:40]} 8. h3 {[%emt 0:02:22]} Nbd7 {[%emt 0:01:21]} 9. e3 {[%emt 0:00:11]} a6 {[%emt 0:02:38]} 10. Qc2 {[%emt 0:09:42]} c5 {[%emt 0:10:11]} 11. Be2 {[%emt 0:02:13]} Rc8 {[%emt 0:03:14]} 12. b3 {[%emt 0:11:59]} Qc7 {[%emt 0:07:27]} 13. O-O {[%emt 0:01:48]} Qb8 {[%emt 0:01:53]} 14. Rfd1 {[%emt 0:07:18]} Rfd8 {[%emt 0:01:25]} 15. Ng5 {[%emt 0:09:23]} Qa8 {[%emt 0:09:24]} 16. d5 exd5 {[%emt 0:00:30]} 17. Nxd5 {[%emt 0:07:34]} Bxd5 {[%emt 0:00:21]} 18. cxd5 {[%emt 0:03:40]} h6 {[%emt 0:02:45]} 19. Ne4 {[%emt 0:00:44]} Nxe4 {[%emt 0:03:15]} 20. Qxe4 {[%emt 0:00:04]} Bf8 {[%emt 0:00:17]} 21. Qf5 {[%emt 0:05:16]} b5 {[%emt 0:07:00]} 22. h4 {[%emt 0:15:59]} Qb7 {[%emt 0:05:59]} 23. h5 {[%emt 0:01:38]} Be7 {[%emt 0:02:05]} 24. g4 {[%emt 0:06:38]} Nf8 {[%emt 0:04:01]} 25. Kh2 {[%emt 0:04:20]} Qd7 {[%emt 0:02:01]} 26. Qd3 {[%emt 0:03:16]} Bh4 {[%emt 0:03:36]} 27. Rg1 {[%emt 0:03:09]} Qe7 {[%emt 0:02:59]} 28. Rg2 {[%emt 0:00:22]} Re8 {[%emt 0:02:12]} 29. Rcg1 {[%emt 0:00:51]} Bg5 {[%emt 0:00:15]} 30. Bg3 {[%emt 0:00:48]} Rcd8 {[%emt 0:01:48]} 31. Bd1 {[%emt 0:00:45]} Qe4 {[%emt 0:01:25]} 32. Qd2 {[%emt 0:00:27]} c4 {[%emt 0:03:49]} 33. f4 {[%emt 0:00:32]} Bf6 {[%emt 0:00:19]} 34. Bf2 {[%emt 0:00:09]} c3 {[%emt 0:00:19]} 35. Qe2 {[%emt 0:00:50]} Qxd5 {[%emt 0:03:14]} 36. g5 hxg5 37. fxg5 {[%emt 0:00:20]} Be5+ {[%emt 0:00:43]} 38. Kh1 {[%emt 0:00:32]} Bf4 {[%emt 0:02:39]} 39. Bc2 {[%emt 0:00:59]} Re5 {[%emt 0:03:42]} 40. Qg4 {[%emt 0:00:00]} Bxe3 {[%emt 0:00:00]} 41. Rd1 {[%emt 0:02:04]} Qe6 {[%emt 0:04:01]} 42. Qg3 {[%emt 0:02:55]} Bxf2 {[%emt 0:01:40]} 43. Rxf2 {[%emt 0:00:23]} Re1+ {[%emt 0:03:35]} 44. Rxe1 {[%emt 0:00:31]} Qxe1+ {[%emt 0:00:04]} 45. Kg2 {[%emt 0:00:07]} d5 {[%emt 0:01:20]} 46. h6 {[%emt 0:04:48]} g6 {[%emt 0:02:04]} 47. Qc7 {[%emt 0:06:04]} Rd7 {[%emt 0:01:16]} 48. Qf4 {[%emt 0:02:31]} Qe7 {[%emt 0:03:11]} 49. Bd3 {[%emt 0:00:46]} Ne6 {[%emt 0:01:01]} 50. h7+ {[%emt 0:00:38]} Kxh7 {[%emt 0:02:11]} 51. Qh4+ {[%emt 0:00:06]} Kg8 {[%emt 0:00:12]} 52. Rf6 {[%emt 0:00:11]} Ng7 {[%emt 0:02:04]} 53. Rxa6 {[%emt 0:00:56]} Ne6 {[%emt 0:02:54]} 54. Ra8+ {[%emt 0:00:22]} Rd8 {[%emt 0:00:11]} 55. Rxd8+ {[%emt 0:00:21]} Qxd8 {[%emt 0:00:05]} 56. Kf2 {[%emt 0:00:58]} d4 {[%emt 0:01:43]} 57. Qh3 {[%emt 0:00:13]} 0-1

[Event "Maria Albulet Memorial 2018"]
[Site "Braila"]
[Date "2018.11.04"]
[Round "2"]
[White "Nistor, Valentina"]
[Black "Hrib, Andrada-Ioana"]
[Result "1-0"]
[WhiteElo "1881"]
[BlackElo "1770"]
[Annotator "NA RC"]
[PlyCount "93"]
[EventDate "2018.11.03"]
[EventType "swiss"]
[EventCountry "ROU"]
[SourceTitle "playchess.com"]
[Source "ChessBase"]
[SourceQuality "1"]
[TimeControl "40/5400+30:900+30"]

1. e4 {[%emt 0:00:00]} e6 {[%emt 0:00:00]} 2. d4 {[%emt 0:00:00]} d5 {[%emt 0:00:00]} 3. Nd2 {[%emt 0:00:00]} Nf6 {[%emt 0:00:00]} 4. e5 {[%emt 0:00:00]} Nfd7 {[%emt 0:00:00]} 5. Bd3 {[%emt 0:00:07]} b6 {[%emt 0:00:00]} 6. c3 {[%emt 0:00:26]} Ba6 {[%emt 0:00:00]} 7. Bc2 {[%emt 0:09:18]} c5 {[%emt 0:00:39]} 8. Ne2 {[%emt 0:00:43]} Nc6 {[%emt 0:01:08]} 9. Nf3 {[%emt 0:01:12]} cxd4 {[%emt 0:09:43]} 10. cxd4 {[%emt 0:00:42]} Nb4 {[%emt 0:13:21]} 11. Bb1 {[%emt 0:01:49]} Rc8 {[%emt 0:01:35]} 12. a3 {[%emt 0:01:38]} Bxe2 {[%emt 0:04:13]} 13. Kxe2 {[%emt 0:02:29]} Nc6 {[%emt 0:01:05]} 14. Re1 {[%emt 0:04:59]} b5 {[%emt 0:05:17]} 15. Kf1 {[%emt 0:06:18]} h6 {[%emt 0:01:09]} 16. Bd3 {[%emt 0:06:26]} Qb6 {[%emt 0:02:55]} 17. Be3 {[%emt 0:03:41]} Be7 {[%emt 0:01:17]} 18. Rc1 {[%emt 0:01:03]} O-O {[%emt 0:00:50]} 19. Qd2 {[%emt 0:01:38]} Na5 {[%emt 0:09:57]} 20. Bxh6 {[%emt 0:12:50]} Rfe8 {[%emt 0:17:45]} 21. Rxc8 {[%emt 0:08:50]} Rxc8 {[%emt 0:00:01]} 22. Bg5 {[%emt 0:00:34]} Bf8 {[%emt 0:02:20]} 23. Qf4 {[%emt 0:01:12]} Nc4 {[%emt 0:02:45]} 24. Qh4 {[%emt 0:03:42]} g6 {[%emt 0:00:18]} 25. Rc1 {[%emt 0:07:01]} Qb7 {[%emt 0:03:39]} 26. Rc2 {[%emt 0:01:36]} a6 {[%emt 0:02:28]} 27. Bh6 {[%emt 0:02:43]} Bg7 {[%emt 0:01:05]} 28. Qg5 {[%emt 0:03:39]} Bxh6 {[%emt 0:07:13]} 29. Qxh6 {[%emt 0:00:07]} Nf8 {[%emt 0:00:03]} 30. h4 {[%emt 0:01:19]} Nb6 {[%emt 0:01:25]} 31. h5 {[%emt 0:01:27]} Rxc2 {[%emt 0:02:03]} 32. Bxc2 {[%emt 0:00:04]} Nc8 {[%emt 0:02:16]} 33. hxg6 {[%emt 0:02:24]} fxg6 {[%emt 0:00:01]} 34. Bxg6 {[%emt 0:00:25]} Qg7 {[%emt 0:00:32]} 35. Qxg7+ {[%emt 0:00:43]} Kxg7 {[%emt 0:00:01]} 36. Bd3 {[%emt 0:01:00]} Nb6 {[%emt 0:01:16]} 37. b3 {[%emt 0:02:07]} Ng6 {[%emt 0:00:30]} 38. Bxg6 {[%emt 0:00:48]} Kxg6 {[%emt 0:00:01]} 39. Ke2 {[%emt 0:00:20]} a5 {[%emt 0:00:14]} 40. Nd2 {[%emt 0:00:00]} Kf5 {[%emt 0:00:00]} 41. Kd3 {[%emt 0:03:33]} Nc8 {[%emt 0:01:07]} 42. Nb1 {[%emt 0:01:20]} b4 {[%emt 0:01:14]} 43. axb4 {[%emt 0:01:07]} axb4 {[%emt 0:00:02]} 44. Nd2 {[%emt 0:00:18]} Na7 {[%emt 0:00:11]} 45. Nf1 {[%emt 0:01:47]} Nb5 {[%emt 0:00:23]} 46. Ne3+ {[%emt 0:00:09]} Kg5 {[%emt 0:00:47]} 47. Nc2 {[%emt 0:00:11]} 1-0

[Event "Maria Albulet Memorial 2018"]
[Site "Braila"]
[Date "2018.11.04"]
[Round "2"]
[White "Didiliuc, Dariana-Gabriela"]
[Black "Uzuneanu, Gabriela"]
[Result "1-0"]
[WhiteElo "1784"]
[BlackElo "1571"]
[Annotator "NA RC"]
[PlyCount "73"]
[EventDate "2018.11.03"]
[EventType "swiss"]
[EventCountry "ROU"]
[SourceTitle "playchess.com"]
[Source "ChessBase"]
[SourceQuality "1"]
[TimeControl "40/5400+30:900+30"]

1. d4 {[%emt 0:00:00]} c5 {[%emt 0:00:00]} 2. d5 {[%emt 0:00:00]} b5 {[%emt 0:00:00]} 3. e4 {[%emt 0:00:09]} a6 {[%emt 0:00:00]} 4. a4 {[%emt 0:00:36]} b4 {[%emt 0:00:00]} 5. Bc4 {[%emt 0:00:35]} d6 {[%emt 0:01:13]} 6. f4 {[%emt 0:00:37]} Nd7 {[%emt 0:01:50]} 7. Nf3 {[%emt 0:01:38]} g6 {[%emt 0:00:32]} 8. O-O {[%emt 0:00:57]} Bg7 {[%emt 0:00:28]} 9. a5 {[%emt 0:01:06]} Nh6 {[%emt 0:11:04]} 10. Qe2 {[%emt 0:01:41]} O-O {[%emt 0:13:00]} 11. Nbd2 {[%emt 0:05:29]} f6 {[%emt 0:14:10]} 12. b3 {[%emt 0:01:19]} Nf7 {[%emt 0:03:03]} 13. Bb2 {[%emt 0:00:36]} Qc7 {[%emt 0:06:48]} 14. Bd3 {[%emt 0:06:09]} Bb7 {[%emt 0:02:37]} 15. Nc4 {[%emt 0:04:05]} Rfe8 {[%emt 0:09:19]} 16. Nh4 {[%emt 0:01:53]} Rf8 {[%emt 0:13:31]} 17. Qg4 {[%emt 0:03:05]} Nh6 {[%emt 0:02:03]} 18. Qg3 {[%emt 0:02:53]} Rf7 {[%emt 0:03:32]} 19. f5 {[%emt 0:11:10]} g5 {[%emt 0:00:44]} 20. Nf3 {[%emt 0:00:23]} Rff8 {[%emt 0:00:26]} 21. Nxg5 {[%emt 0:01:50]} Qc8 {[%emt 0:04:26]} 22. Ne6 {[%emt 0:01:15]} Rf7 {[%emt 0:00:06]} 23. Be2 {[%emt 0:00:13]} Kh8 {[%emt 0:01:18]} 24. Bh5 {[%emt 0:00:20]} Qg8 {[%emt 0:00:15]} 25. Bxf7 {[%emt 0:04:13]} Qxf7 {[%emt 0:00:06]} 26. Rf4 {[%emt 0:00:35]} Rg8 {[%emt 0:00:25]} 27. Qh3 {[%emt 0:01:08]} Nf8 {[%emt 0:00:59]} 28. Nd8 {[%emt 0:01:59]} Qe8 {[%emt 0:01:19]} 29. Nxb7 {[%emt 0:00:07]} Qb8 {[%emt 0:00:40]} 30. Nbxd6 {[%emt 0:05:30]} exd6 {[%emt 0:00:20]} 31. Rh4 {[%emt 0:00:19]} Nf7 {[%emt 0:00:16]} 32. Rg4 {[%emt 0:00:26]} Nd7 {[%emt 0:01:09]} 33. Qh5 {[%emt 0:03:00]} Qf8 {[%emt 0:02:36]} 34. Rd1 {[%emt 0:02:51]} h6 {[%emt 0:02:20]} 35. Rd3 {[%emt 0:02:00]} Ng5 {[%emt 0:01:28]} 36. Rxg5 {[%emt 0:00:11]} fxg5 {[%emt 0:00:20]} 37. Qxh6# {[%emt 0:00:07]} 1-0

[Event "Maria Albulet Memorial 2018"]
[Site "Braila"]
[Date "2018.11.04"]
[Round "2"]
[White "Maria, Lia-Alexandra"]
[Black "Rakhmangulova, Anastasiya"]
[Result "0-1"]
[WhiteElo "1479"]
[BlackElo "2210"]
[Annotator "TA"]
[PlyCount "112"]
[EventDate "2018.11.03"]
[EventType "swiss"]
[EventCountry "ROU"]
[SourceTitle "playchess.com"]
[Source "ChessBase"]
[SourceQuality "1"]

{[%evp 9,111,27,18,0,2,0,26,-11,0,-14,0,0,33,12,25,31,33,30,11,22,66,31,20,5,27,5,25,0,10,-7,20,0,18,14,33,0,22,0,18,18,10,-27,-12,-33,-33,-29,-27,-29,-29,-52,-37,-147,-62,-162,-139,-139,-139,-139,-136,-125,-74,-127,-125,-156,-156,-156,-156,-156,-129,-145,-136,-157,-60,-157,-131,-157,-73,-157,-157,-228,-179,-435,-270,-306,-243,-299,-267,-273,-262,-1313,-1308,-7170,-942,-29986,-1376,-29990,-29983,-29983,-29984,-29997,-29998,-29998,-29999,-29999]} 1. d4 Nf6 2. Nf3 c5 3. d5 d6 4. Nc3 g6 5. e3 Bg7 6. Be2 {A43: Schmid Benoni} O-O 7. O-O Na6 (7... e6 8. dxe6 Bxe6 9. e4 Nc6 10. Bf4 d5 11. exd5 Nxd5 12. Nxd5 Qxd5 13. Qxd5 Bxd5 {1-0 (52) Karjakin,S (2783)-Nepomniachtchi,I (2751) chess.com INT 2017}) 8. Rb1 $146 {White has an edge.} ({Predecessor:} 8. e4 Nc7 9. a4 Rb8 10. Bf4 Nh5 11. Bg5 h6 {1-0 (36) Rotstein,A (2495)-Vezzosi,P (2333) Forni di Sopra 2017}) 8... Nc7 9. a3 {[%cal Ba2a3,Ba3b4][%mdl 32]} e6 10. dxe6 fxe6 11. b4 cxb4 12. axb4 d5 13. Bb2 Qe7 14. Na2 b5 15. Be5 a6 16. Nd4 {[%cal Bf3d4,Bd4b3,Bb3c5][%mdl 32]} Ne4 17. Bxg7 (17. Nc6 $5 {[%cal Rc6e7]} Qd7 18. Qd4 $11) 17... Qxg7 18. Nb3 e5 {[%cal Be6e5,Be5e4][%mdl 32]} 19. Bf3 Nf6 20. Nc5 e4 21. Be2 Ne6 22. Nb3 Bb7 23. Nd4 Nxd4 24. Qxd4 Rac8 25. Rbc1 Rc7 26. Rfd1 Nd7 27. Bg4 Qxd4 28. Rxd4 Nb6 29. Rd2 Kg7 30. Rcd1 (30. c3 $15) 30... h5 (30... Nc4 $17 {Hoping for ...Bc8.} 31. Re2 Re8) 31. Bh3 (31. Be2 $15) 31... g5 $36 {[%cal Bg6g5,Bg5g4][%mdl 2080] Threatens to win with ...g4. Black is in control.} 32. g3 Nc4 33. Re2 g4 34. Bg2 Nb6 (34... Rfc8 $142 35. c3 Kf7) 35. Red2 (35. c3 $142) 35... Rfc8 $17 36. Rc1 Nc4 37. Re2 Ne5 38. c3 Nd3 39. Rd1 Kf6 40. Red2 Ke6 (40... Ne5 $1 $17 41. Rc2 h4 $1 {[%mdl 512]}) 41. Bf1 ({Better is} 41. h4 $15) 41... Ne5 {...Nf3+ is the strong threat.} 42. Bg2 {[#]} Kf6 (42... h4 $142 $1 {[%mdl 512]} 43. gxh4 Nf3+ 44. Bxf3 gxf3) 43. Kh1 {[#]} ({White should play} 43. Rc2) 43... h4 $1 {[%mdl 512]} 44. Re2 (44. Kg1 $17) (44. gxh4 Rh7) 44... Rh8 45. Rdd2 $2 (45. Kg1) 45... Ke6 46. Rc2 Rch7 47. Bf1 Rf7 {White must now prevent ...hxg3.} 48. Rc1 Nd3 49. Rcc2 $2 (49. Kg1) 49... hxg3 $19 50. Kg1 gxf2+ (50... gxh2+ $142 51. Kh1 g3 $1 {[%mdl 512]}) 51. Kh1 Rfh7 (51... g3 $142 52. h3 Ke5 53. Rc1 Nxc1 54. Nxc1 Bc8 55. h4 {[#]} Bh3 $1 {[%mdl 512]} 56. Rxf2 gxf2 57. Kh2 Bxf1 58. Nd3+ exd3 59. Kg3 Rg8+ 60. Kh2 Rf3 61. h5 Rh3#) 52. Kg2 Rxh2+ {Black mates.} 53. Kg3 {[#]} R8h3+ $1 54. Kxg4 (54. Bxh3 Rxh3+) 54... Ne5+ 55. Kg5 Rg3+ 56. Kf4 Rg4# {Precision: White = 17%, Black = 52%.} 0-1

[Event "Maria Albulet Memorial 2018"]
[Site "Braila"]
[Date "2018.11.05"]
[Round "4"]
[White "Cosma, Elena-Luminita"]
[Black "Rakhmangulova, Anastasiya"]
[Result "1-0"]
[WhiteElo "2338"]
[BlackElo "2210"]
[Annotator "TA"]
[PlyCount "135"]
[EventDate "2018.11.03"]
[EventType "swiss"]
[EventCountry "ROU"]
[SourceTitle "playchess.com"]
[Source "ChessBase"]
[SourceQuality "1"]

{[%evp 23,135,68,69,68,85,59,116,77,76,75,76,81,82,19,25,0,0,0,0,0,57,53,63,24,25,25,36,8,43,48,78,79,85,53,214,211,226,227,302,304,304,300,364,315,1320,1041,530,508,1472,2183,7635,10704,1520,1823,12821,12814,12819,12825,12808,12824,12819,12814,12809,6721,5371,0,4910,898,1368,1266,834,387,12827,138,12827,12828,12831,12832,12831,12827,12833,12833,12835,12835,12835,0,12831,12832,12833,12833,12833,12834,12835,12835,12839,12839,12841,12841,12841,12842,12843,12843,12843,12843,12844,12844,12845,12846,12846,12846,12846,12847,12847,12847]} 1. d4 Nf6 2. Nf3 c5 3. d5 d6 4. Nc3 g6 5. e4 Bg7 6. Bb5+ Nfd7 7. a4 O-O 8. O-O Na6 9. Re1 Nc7 10. Bf1 b6 11. Bf4 Bb7 12. Qd2 a6 13. Bh6 {A43: Schmid Benoni} Nf6 (13... Ne5 14. Nxe5 dxe5 15. Bxg7 Kxg7 16. f4 Qd6 17. Rad1 Rad8 18. Bc4 Ne6 19. fxe5 Qxe5 20. Qe3 Nd4 {1-0 (69) Niebling,F (2177)-Bogorad,M (2235) Finsterbergen 2009}) 14. Bc4 $146 ({Predecessor:} 14. Bxg7 Kxg7 15. Nd1 b5 16. b3 Qd7 17. Nb2 Rfe8 18. c4 {½-½ (61) Kristoferitsch,D (1743)-Petkov,M (1944) Mureck 2017}) 14... e6 (14... Rb8 $14) 15. Bxg7 {White is better.} Kxg7 16. dxe6 $1 fxe6 17. Rad1 b5 18. axb5 (18. e5 $1 $16 {[%cal Re5f6]} Bxf3 19. exf6+ (19. gxf3 bxc4 20. exf6+ Qxf6 $14) 19... Qxf6 20. gxf3 bxc4 21. Qxd6) 18... axb5 $11 19. Nxb5 Nxb5 20. Bxb5 {Strongly threatening Ng5.} Nxe4 21. Qe3 {Threatening Bd3.} d5 (21... e5 $11) 22. Bd3 $14 {[%cal Rd3e4]} d4 23. Bxe4 dxe3 24. Rxd8 Bxe4 25. Rd7+ Kh6 (25... Kg8 {keeps more tension.} 26. Rxe3 Ra1+ 27. Ne1 Bxc2 28. Rc7 Bb3) 26. Rxe3 Bxf3 27. gxf3 {[%mdl 4096] Endgame KRR-KRR} Rf5 28. Kf1 ({Don't play} 28. Rxe6 $6 Ra1+ 29. Kg2 Rg5+ 30. Kh3 Rh5+ 31. Kg2 Rg5+ 32. Kh3 Rh5+ 33. Kg2 Rg5+ $11) 28... Rh5 $2 (28... Ra2 $14) 29. Rxe6 $18 Rxh2 30. Ree7 Kg5 31. Rxh7 Rxh7 32. Rxh7 {KR-KR} Rb8 {[#]} 33. Rc7 $1 Rxb2 $2 (33... Rb5 34. b3 Kf4) 34. Rxc5+ Kf4 35. Ke2 Ra2 (35... Rb4 $142 36. Rc8 Ra4 37. Rf8+ Ke5 38. Re8+ Kd5) 36. Rc4+ Kf5 37. Ke3 Ra3+ 38. c3 Ra2 39. Rc5+ Kf6 40. f4 Rc2 41. f3 Rc1 42. Rc8 Re1+ 43. Kd4 Rd1+ 44. Ke3 Re1+ $1 45. Kd2 Rf1 46. Ke2 Rc1 47. c4 (47. Rc5 $142 Ke6 48. Kd3) 47... Kf5 $2 (47... Rc3 48. c5 Ke6) 48. Rf8+ Ke6 49. Kd3 Rd1+ 50. Ke4 Re1+ 51. Kd4 {White threatens Re8+ and mate.} Rd1+ 52. Kc5 Rf1 53. Rg8 Kf5 54. Rf8+ Ke6 55. Rd8 {White is clearly winning.} Rxf3 56. Rd4 Rb3 {[#]} 57. Kc6 $1 Rb4 58. Kc7 Ra4 59. Kb6 Rb4+ 60. Ka5 Rb1 61. c5 {[%cal Bc4c5,Bc5c6,Bc6c7][%mdl 32]} Rb2 62. c6 Rc2 63. Kb6 Rb2+ 64. Kc7 Rc2 65. Rd6+ Kf5 66. Kd7 Rh2 67. c7 Rh7+ 68. Kc6 {Precision: White = 71%, Black = 38%.} 1-0

[Event "Maria Albulet Memorial 2018"]
[Site "Braila"]
[Date "2018.11.05"]
[Round "4"]
[White "Terbe, Zsuzsanna"]
[Black "Otetea, Ioana"]
[Result "1-0"]
[WhiteElo "2215"]
[BlackElo "1602"]
[Annotator "TA"]
[PlyCount "120"]
[EventDate "2018.11.03"]
[EventType "swiss"]
[EventCountry "ROU"]
[SourceTitle "playchess.com"]
[Source "ChessBase"]
[SourceQuality "1"]

{[%evp 17,120,8,20,18,15,6,13,0,13,14,37,3,1,-2,13,-12,0,0,0,-3,8,-8,0,0,0,0,0,0,0,2,0,-47,-40,-31,-37,-40,-43,-43,-32,-66,-49,-42,-23,-67,-28,-63,-49,-30,-12,-16,0,0,68,49,48,52,47,55,53,31,69,40,345,344,349,336,570,578,546,552,594,587,996,989,989,984,1048,1039,1011,954,1405,1412,1393,1331,1179,954,1474,1450,1441,1400,6379,6328,5485,5437,6299,2044,29983,29984,29984,29985,29985,29986,29986,29987,29987]} 1. d4 Nf6 2. Bf4 d5 3. e3 e6 4. Nf3 c5 5. c3 Be7 6. h3 O-O 7. Nbd2 b6 8. Bd3 Bb7 9. O-O Nc6 {LiveBook: 70 Games} 10. Re1 {D02: 1 d4 d5 2 Nf3 sidelines, including 2...Nf6 3 g3 and 2...Nf6 3 Bf4} Re8 (10... Bd6 11. Bxd6 Qxd6 12. e4 dxe4 13. Nxe4 Nxe4 14. Bxe4 Rad8 15. dxc5 Qxc5 16. Qe2 Rd6 17. Rad1 Rfd8 18. Rxd6 Rxd6 {½-½ (30) Safarli,E (2633)-Salgado Lopez,I (2627) Linares 2017}) 11. Ne5 Nxe5 12. Bxe5 {The position is equal.} Qd7 $146 ({Predecessor:} 12... Bd6 13. f4 Ne4 14. Nf3 Bf8 15. dxc5 bxc5 16. c4 f6 17. Bc3 Qc7 18. Bxe4 dxe4 {1-0 (57) Varga,T (2034)-Czimer,J (2072) Szombathely 2002}) 13. a4 Ne4 14. Nf3 f6 15. Bh2 Bd6 16. dxc5 Bxh2+ 17. Nxh2 {[#] Hoping for Bxe4.} Nxc5 18. Bc2 Qf7 19. Qg4 a5 20. Qh4 Ne4 21. f3 Ng5 $1 {[%cal Be4g5,Bg5e6,Be6c5][%mdl 32]} 22. Qg3 e5 {[%cal Be6e5,Be5e4][%mdl 32]} 23. Ng4 {And now f4 would win.} Kh8 24. Kf2 e4 25. f4 Ne6 26. Kg1 Rac8 27. Red1 Red8 28. Qf2 Nc5 29. Qd2 Ba6 30. Nf2 f5 31. g4 Bc4 32. gxf5 Qxf5 33. Kh2 $1 Rd6 34. Rg1 Rh6 (34... Bb3 $11) 35. Rg5 $14 (35. Qd4 Ne6 $17) 35... Qf8 36. Rag1 Ne6 37. R5g3 Rd8 38. Bd1 {[%cal Bc2d1,Bd1g4,Bg4e6][%mdl 32]} Ba6 39. Bg4 {Threatens to win with Bxe6.} (39. Ng4 {keeps more tension.} Rg6 40. Ne5 Rxg3 41. Rxg3 Rd6 42. Bh5) 39... Bc8 $2 {[%mdl 8192]} ({Black should play} 39... Nc5 $14) 40. Bxe6 $1 $18 Bxe6 41. Rxg7 Qxg7 $2 (41... Qf6 {was worth a try.} 42. R7g5 Rg6) 42. Rxg7 Kxg7 43. Qd4+ Kf7 {and the idea ...Rg8 leaves Black hopeful.} 44. Qxb6 Rg8 {White must now prevent ...Rg2+!} 45. f5 Ke7 46. Qc5+ Kf7 47. fxe6+ Rxe6 48. Qxd5 Rb8 49. b3 Rbb6 50. Nxe4 Ke7 51. Kg3 h6 52. Kf3 Rb8 53. b4 axb4 54. cxb4 Rf8+ 55. Ke2 Rd8 56. Qb7+ Rd7 {[#]} 57. Qxd7+ $3 {White mates.} Kxd7 58. Nc5+ Kd6 59. Nxe6 Kxe6 60. a5 Kd5 {Precision: White = 64%, Black = 35%.} 1-0

[Event "Maria Albulet Memorial 2018"]
[Site "Braila"]
[Date "2018.11.05"]
[Round "4"]
[White "Petrenko, Svetlana"]
[Black "Nistor, Valentina"]
[Result "1/2-1/2"]
[WhiteElo "2130"]
[BlackElo "1881"]
[Annotator "TA"]
[PlyCount "78"]
[EventDate "2018.11.03"]
[EventType "swiss"]
[EventCountry "ROU"]
[SourceTitle "playchess.com"]
[Source "ChessBase"]
[SourceQuality "1"]

{[%evp 15,78,-8,22,-8,-8,-10,-1,-11,-4,-6,-10,-5,19,-9,10,0,0,-28,-20,-50,-29,-65,-44,-44,-67,-85,-17,-33,0,-17,-33,-6,0,0,0,0,0,-54,-34,-34,-20,0,0,0,-7,-38,-52,-104,-100,-103,-34,-14,-26,-64,-24,-23,0,0,0,0,0,0,0,0,0]} 1. d4 d5 2. Nf3 Nf6 3. c4 e6 4. e3 Be7 5. Be2 O-O 6. O-O dxc4 7. Bxc4 c5 8. Nc3 Nc6 {LiveBook: 59 Games} 9. Ne5 {D40: Queen's Gambit Declined: Semi-Tarrasch with 5 e3} (9. dxc5 Qxd1 10. Rxd1 Bxc5 11. Be2 h6 12. Bd2 b6 13. Ne1 Bb7 14. Nd3 Be7 15. Be1 Rad8 16. f3 Nb4 17. Nxb4 Bxb4 {½-½ (38) Epishin,V (2571)-Sebenik,M (2534) Nova Gorica 2017}) 9... Qc7 10. Nxc6 Qxc6 11. d5 exd5 12. Nxd5 Nxd5 13. Bxd5 Qf6 $146 ({Predecessor:} 13... Qb6 14. Qf3 Bf6 15. Rb1 Rd8 16. e4 Be6 {0-1 (40) Lisitsin,G-Rauzer,V Kiev (Ukraine) 1932}) 14. e4 {[%cal Be3e4,Be4e5][%mdl 32]} Rb8 15. f4 b5 16. e5 Qg6 17. Qf3 {[#] aiming for f5.} Bg4 18. Qe3 Rfd8 19. Be4 Bf5 20. Bf3 Rd4 (20... Rbc8 $17 {With the idea ...c4.} 21. Kh1 c4) 21. Qf2 $11 Rc4 22. Rd1 Rc2 23. Rd2 Rd8 {[#] White must now prevent ...Rdxd2.} 24. Rxc2 Bxc2 25. Be3 Be4 26. Be2 (26. Bxe4 $11 Qxe4 27. Re1) 26... a6 27. b3 Rc8 28. Rc1 Bd3 29. Bxd3 Qxd3 30. f5 c4 {Strongly threatening ...c3.} 31. bxc4 (31. Qf3 $15) 31... Rxc4 $17 32. Rf1 Qxe3 (32... Re4 $17 33. f6 Qxe3 34. Qxe3 Rxe3 35. fxe7 Rxe5) 33. Qxe3 $15 Bc5 34. Re1 Bxe3+ 35. Rxe3 Rf4 36. Ra3 {The position is equal.} Rxf5 37. Rxa6 {[%cal Ra6a8]} Kf8 38. e6 Rf6 39. Ra8+ Ke7 {Precision: White = 50%, Black = 42%.} 1/2-1/2